00942 a2200169 4500003000500000005001700005040000900022082001400031100002600045245003300071260003900104300001700143505045800160942001200618999001900630952012300649Nust20230208120703.0 cNust a954.6,SIN aTavleen Singh9108740 aKashmir a traedy of errors / aNew DelhibViking Publishersc1995 axi:254 pages aA History of Mistrust (Page-1), Discovering Kashmiriyat (Page-18), A Bitter Campaign (Page-34), Farooq,s Dismissal (Page-49), A Big Step Backwards (Page-63), The Fires of 84 (Page-77), Accord Breeds Discord (Page-90), A Turn for the Worse (Page-105), A loss of Nerve (Page-118), Crackdown (Page-135), A Change of Guard (Page-152), An Undeclared War (Page-166), Missed Opportunity (Page-182), The View from Pakistan (Page-196), Inhuman Errors (Page-212). 2ddccBK c194036d194036 00102ddc4070aMCSbMCScGENd2016-12-12o954.6,SINpMCS23031r2016-12-08w2016-12-12yBKzAlmirah No.61, Shelf No.6